|
|
|
|
| LEADER |
00000nab a2200000 ar4500 |
| 001 |
vtls008954613 |
| 003 |
SK-MaSNL |
| 005 |
20260303070325.0 |
| 008 |
070313c2007 xo er|p|||||||000 b|slo |
| 015 |
|
|
|a SNBRB2007/03
|2 snkbucl
|
| 038 |
|
|
|a SNKBUCL
|
| 040 |
|
|
|a SNKBUCL
|b slo
|c SNKBUCL
|e AACR2
|
| 041 |
0 |
|
|a slo
|
| 044 |
|
|
|a xo
|c SK
|
| 080 |
|
|
|a 323
|x (437.6)
|x "1989/..."
|x (075.8)
|x (048)
|2 1997
|
| 080 |
|
|
|a 332.14
|x (437.6)
|x (075.8)
|x (048)
|2 1997
|
| 080 |
|
|
|a 316.34
|x (437.6)
|x (075.8)
|x (048)
|2 1997
|
| 080 |
|
|
|a 327
|x (437.6)
|x (075.8)
|x (048)
|2 1997
|
| 080 |
|
|
|a 339.923
|x (075.8)
|x (048)
|2 1997
|
| 100 |
1 |
|
|a Žigová, Ľudmila,
|d 1953-
|4 aut
|9 47929
|
| 245 |
1 |
0 |
|a Slovacicum. Súčasné Slovensko
|c Ľudmila Žigová
|
| 500 |
|
|
|a Pod spoločným názvom Zmeny v spoločnosti - pohyb v tvorbe
|
| 500 |
|
|
|a J. Pekarovičová a M. Vojtech sú editormi recenzovanej publikácie
|
| 648 |
|
7 |
|a po 1989
|2 snkbucl
|9 310873
|
| 650 |
0 |
7 |
|a spoločnosť a politika
|z Slovensko
|x učebnice vysokých škôl
|2 snkbucl
|9 1067606
|
| 650 |
0 |
7 |
|a regionálna politika
|z Slovensko
|x učebnice vysokých škôl
|2 snkbucl
|9 1067607
|
| 650 |
0 |
7 |
|a sociálna stratifikácia
|z Slovensko
|x učebnice vysokých škôl
|2 snkbucl
|9 1067608
|
| 651 |
|
7 |
|a Slovensko
|z po r. 1989
|2 snkbucl
|9 1067609
|
| 655 |
|
7 |
|a recenzie
|2 snkbucl
|9 21907
|
| 740 |
0 |
2 |
|a Súčasné Slovensko
|
| 773 |
0 |
|
|t Knižná revue
|g Roč. XVII, č. 5 (2007), s. 10
|x 1210-1982
|
| 787 |
0 |
8 |
|i Rec.:
|a Pekarovičová, Jana, 1951-
|t Slovacicum. [2], Súčasné Slovensko
|d Bratislava : Stimul, 2006
|z 8089236103
|
| 787 |
0 |
8 |
|i Rec.:
|a Vojtech, Miloslav, 1973-
|t Slovacicum. [2], Súčasné Slovensko
|d Bratislava : Stimul, 2006
|z 8089236103
|
| 852 |
|
|
|a SNK
|b KIS3GCP
|
| 958 |
|
|
|a SK
|
| 958 |
|
|
|a RC
|
| 999 |
|
|
|c 1754878
|d 1756808
|